Bogart : (Registro nro. 42162)
[ vista simple ]
| 000 -CABECERA | |
|---|---|
| campo de control de longitud fija | 00589nam a2200181 a 4500 |
| 001 - NÚMERO DE CONTROL | |
| campo de control | 000042673 |
| 005 - FECHA Y HORA DE LA ÚLTIMA TRANSACCIÓN | |
| campo de control | 20201002040322.0 |
| 008 - DATOS DE LONGITUD FIJA--INFORMACIÓN GENERAL | |
| campo de control de longitud fija | 140204s1996 sp a 001 0 spa d |
| 020 ## - NÚMERO INTERNACIONAL ESTÁNDAR DEL LIBRO | |
| Número Internacional Estándar del Libro | 8440662416 |
| 040 ## - FUENTE DE LA CATALOGACIÓN | |
| Centro catalogador/agencia de origen | DO-SdBNP |
| Lengua de catalogación | spa |
| Centro/agencia transcriptor | BNPHU |
| 082 ## - NÚMERO DE LA CLASIFICACIÓN DECIMAL DEWEY | |
| Número de clasificación | xxxxxx |
| Número de documento/Ítem | xxxxxx |
| 100 1# - ENTRADA PRINCIPAL--NOMBRE DE PERSONA | |
| Nombre de persona | Humphrey Bogart, Stephen |
| 9 (RLIN) | 69966 |
| 245 10 - MENCIÓN DE TÍTULO | |
| Título | Bogart : |
| Resto del título | en busca de mi padre / |
| Mención de responsabilidad, etc. | Stephen Humphrey Bogart, Gary Provost ; prólogo Lauren Bacall. |
| 260 ## - PUBLICACIÓN, DISTRIBUCIÓN, ETC. | |
| Lugar de publicación, distribución, etc. | Barcelona, : |
| Nombre del editor, distribuidor, etc. | Ediciones B, |
| Fecha de publicación, distribución, etc. | 1996. |
| 300 ## - DESCRIPCIÓN FÍSICA | |
| Extensión | 325 p. : |
| Otras características físicas | il. ; |
| Dimensiones | 23 cm. |
| 700 1# - PUNTO DE ACCESO ADICIONAL--NOMBRE DE PERSONA | |
| Nombre de persona | Provost Gary |
| 9 (RLIN) | 69967 |
| 700 1# - PUNTO DE ACCESO ADICIONAL--NOMBRE DE PERSONA | |
| Nombre de persona | Bacall, Lauren, |
| Término indicativo de función/relación | pról. |
| 9 (RLIN) | 69968 |
| Estado de retiro | Estado de pérdida | Restricciones de uso | No para préstamo | Código de colección | Localización permanente | Ubicación/localización actual | Ubicación en estantería | Fecha de adquisición | Número de inventario | Total de préstamos | Signatura topográfica completa | Código de barras | Fecha visto por última vez | Precio válido a partir de | Tipo de ítem Koha |
|---|---|---|---|---|---|---|---|---|---|---|---|---|---|---|---|
| Excluido de préstamo | Monografías: Libros y Folletos | General | General | Depósito | 04.02.2014 | LF1 | xxxxxx xxxxxx | 42673-10 | 25.06.2020 | 25.06.2020 | No se presta |
